The potential of artemia biomass in the salinas of southern Vietnam and its valorisation in aquaculture

Guardat en:
Dades bibliogràfiques
Format: Llibre
Idioma:Undetermined
Publicat: Netherlands Wageningen 1995
Matèries:
Etiquetes: Afegir etiqueta
Sense etiquetes, Sigues el primer a etiquetar aquest registre!
Thư viện lưu trữ: Trung tâm Học liệu Trường Đại học Cần Thơ
LEADER 00583nam a2200181Ia 4500
001 CTU_150635
008 210402s9999 xx 000 0 und d
082 |a 639.5072 
082 |b P861/1995 
245 4 |a The potential of artemia biomass in the salinas of southern Vietnam and its valorisation in aquaculture 
245 0 |c Edited by J. T. Brands 
260 |a Netherlands 
260 |b Wageningen 
260 |c 1995 
650 |a Fisheries,Nghề cá 
650 |x Research,Nghiên cứu 
904 |i Trọng Hải 
980 |a Trung tâm Học liệu Trường Đại học Cần Thơ